| 000 | 01433nam a2200349 i 4500 | ||
|---|---|---|---|
| 001 | ebr10765886 | ||
| 003 | CaPaEBR | ||
| 006 | m o d | ||
| 007 | cr cn||||||||| | ||
| 008 | 131008s2013 enka o 001 0 eng|d | ||
| 020 | _z9781782171102 | ||
| 020 | _a9781782171119 (e-book) | ||
| 040 |
_aCaPaEBR _beng _erda _epn _cCaPaEBR |
||
| 035 | _a(OCoLC)861536207 | ||
| 050 | 1 | 4 |
_aQA76.625 _b.R67 2013eb |
| 100 | 1 | _aRosner, Todd. | |
| 245 | 1 | 0 |
_aLearning AWS OpsWorks : _blearn how to exploit advanced technologies to deploy and auto-scale web stacks / _cTodd Rosner. |
| 264 | 1 |
_aBirmingham : _bPackt Publishing, _c2013. |
|
| 300 |
_a1 online resource (126 pages) : _billustrations (chiefly color). |
||
| 336 |
_atext _2rdacontent |
||
| 337 |
_acomputer _2rdamedia |
||
| 338 |
_aonline resource _2rdacarrier |
||
| 490 | 0 | _aProfessional expertise distilled | |
| 500 | _aIncludes index. | ||
| 588 | _aDescription based on online resource; title from PDF title page (ebrary, viewed October 8, 2013). | ||
| 590 | _aElectronic reproduction. Palo Alto, Calif. : ebrary, 2013. Available via World Wide Web. Access may be limited to ebrary affiliated libraries. | ||
| 650 | 0 | _aInternet programming. | |
| 650 | 0 | _aCloud computing. | |
| 655 | 0 | _aElectronic books. | |
| 797 | 2 | _aebrary. | |
| 856 | 4 | 0 |
_uhttp://site.ebrary.com/lib/rucke/Doc?id=10765886 _zAn electronic book accessible through the World Wide Web; click to view |
| 999 |
_c122971 _d122971 |
||